Comprender textos expositivos; en el aula 4(folleto zona educativa) /

Guardado en:
Formato: Libro
Publicado: Buenos Aires : Zona Educativa, revista, 1998
Materias:
Fc
Etiquetas: Agregar Etiqueta
Sin Etiquetas, Sea el primero en etiquetar este registro!
LEADER 00462nam a22001575a 4500
001 CEM.cems009711
005 20060214000000.0
008 130507s1998##################000#0#####d
003 CEMS
082 0 4 |a F370 
245 0 0 |a Comprender textos expositivos; en el aula 4(folleto zona educativa) / 
260 |a Buenos Aires :  |b Zona Educativa, revista,  |c 1998 
300 |a 16 p. 
653 |a Educacion 
653 |a Fc 
859 |a CEMS  |b BIB. CEMS - 11 de abril  |h F370  |i 85-3  |p 1552.44  |t Ej.1